00612cas a22001937a 450000500170000000800410001701000100005801100100006802200140007803500100009224500980010226000790020030000070027931000140028636200150030065000580031586600220037386600230039520220329142319.0000612u1976 es zn pernn 0 b1spa d a81504 a82476 a0210-3311 a9297200aComunicaciones I.N.I.A. Serie :bGeneralc/por Instituto Nacional de Investigaciones Agrarias0 aMadrid, España :bInstituto Nacional de Investigaciones Agrarias,c1976- av. aIrregular an.14, 198414aAgriculturaxInvestigacionxPublicaciones periodicas. an.1-3 (1976-1978) an.5-18 (1980-1986)